000 00415nam a2200145 a 4500
001 000039065
005 20201002031500.0
008 130517s1981 dr 000 0 spa d
040 _aDO-SdBNP
_bspa
_cBNPHU
110 1 _aRepública Dominicana
_9447
240 0 _aCódigo de procedimiento civil
245 1 0 _aCódigo de procedimiento civil.
260 _aSanto Domingo :
_b[s.n.],
_c1981.
300 _a263 p. ;
_c22 cm.
999 _c38555
_d38555